Handbook of minral exploration and ore petrology : (Record no. 42973)

MARC details
000 -LEADER
fixed length control field 00852nam a22002297a 4500
005 - DATE AND TIME OF LATEST TRANSACTION
control field 20100819113936.0
010 ## - LCCN (DPL NO)
LC control number ENG-101333
020 ## - INTERNATIONAL STANDARD BOOK NUMBER
International Standard Book Number 9788185867922
Terms of availability 150.00
035 ## - SYSTEM CONTROL NUMBER
System control number EN-84866
037 ## - SOURCE OF ACQUISITION
Source of stock number/acquisition DBAD/PUB
082 ## - DEWEY DECIMAL CLASSIFICATION NUMBER
Classification number 622.1
100 ## - MAIN ENTRY--PERSONAL NAME
Personal name Raju, R. Dhana
245 ## - TITLE STATEMENT
Title Handbook of minral exploration and ore petrology :
Remainder of title teachniques and applications /
Statement of responsibility, etc by R. Dhana Raju
260 ## - PUBLICATION, DISTRIBUTION, ETC. (IMPRINT)
Place of publication, distribution, etc Banglore
Name of publisher, distributor, etc Geological Society of India
Date of publication, distribution, etc 2009
270 ## - ADDRESS
Address PB.1922, Gavipuram P.O. Banglore
City Banglore
Postal code 560019
300 ## - PHYSICAL DESCRIPTION
Extent x, 494 p.
Other physical details 24cm (Pbk)
500 ## - GENERAL NOTE
General note Includes bibliographical references and index
700 ## - ADDED ENTRY--PERSONAL NAME
9 (RLIN) 15115
700 ## - ADDED ENTRY--PERSONAL NAME
9 (RLIN) 15135
942 ## - ADDED ENTRY ELEMENTS (KOHA)
Source of classification or shelving scheme Dewey Decimal Classification
Item type English Books
Classification part 622.1
Call number suffix RAJ
Holdings
Withdrawn status Lost status Not for loan Collection code Home library Current library Date acquired Cost, normal purchase price Full call number Barcode Copy number Cost, replacement price Koha item type
    Not For Loan Non-fiction D.B.Act.Division D.B.Act.Division 23/08/2010 150.00 622.1 RAJ EN-84866 1 150.00 English Books

© Delhi Public Library
Hit Counter
free hit counter